00343nam a22001457a 4500003000400000020001800004082001700022100002400039245003300063250001400096260002800110300000800138650003600146653001500182SGT a9788131257142 a617.96bH20M aMalamed, Stanley F. aHandbook of Local Anesthesia a7th S.A.  aIndia bElsevier c2023 a445 aOral and Maxillofacial Surgery  aAnesthesia